000 01139nam0a22003131 4500
001 v19\rc\1969691
005 20251118181053.4
035 _a(NLR Aleph) 005051903
090 _a6903537
_c6903537
100 _a20080428d1914 u y0rusy50 ca
101 0 _arus
102 _aRU
105 _ay z |||||
200 1 _aЕдиное понятие страхового договора
_e(Вступ. лекция к курсу страхов. права, прочит. в Ин-те высш. коммерч. знаний)
_fА.Г. Гойхбарг
210 _aСанкт-Петербург
_cскл. изд. в кн. маг. "Право"
_d1914
215 _a32 с.
_d24
532 1 3 _aЕдиное понятие страхового договора
700 1 _aГойхбарг
_bА.Г.
_f1883-1962
_gАлександр Григорьевич
801 0 _aRU
_bNLR
_gpsbo
801 0 _aRU
_bRuMoRGB
_2psbo
801 1 _aRU
_bProSoft-M
_2rusmarc
852 _aNLR
_j37.54.6.118
899 _aRuMoRGB
_jV 58/78
899 _aБАН
899 _aНБ СПбГУ
899 _aНБ МГУ
942 _cBOOK
980 _aNB